| 000 | 00535nam a2200157 i 4500 | ||
|---|---|---|---|
| 001 | 24385 | ||
| 003 | ES-MaACL | ||
| 007 | t| | ||
| 008 | 021217s1984 sp ||||1| spa d | ||
| 100 | 1 |
_aAnasagasti Valderrama, Ana María. _921377 |
|
| 245 | 1 | 0 |
_aNiebla en la época de Alfonso X / _cAna María Anasagasti Valderrama y Laureano Rodríguez Liañez. |
| 260 |
_aHuelva : _b[Caja Rural Provincial], _c1984. |
||
| 300 |
_a59 p. : _bil. ; _c23 cm. |
||
| 700 | 1 |
_aRodríguez Liañez, Laureano. _998603 |
|
| 852 |
_aES-MaACL _jL-7744 _bR.108281 |
||
| 999 |
_c24385 _d24385 |
||